Âm nhạc với tuổi thơ
Na minha lista:
| Autor principal: | |
|---|---|
| Formato: | Livro |
| Idioma: | Vietnamese |
| Publicado em: |
Hà Nội
Thanh niên
2004
|
| Assuntos: | |
| Tags: |
Adicionar Tag
Sem tags, seja o primeiro a adicionar uma tag!
|
| Thư viện lưu trữ: | Trung tâm Học liệu Lê Vũ Hùng, Trường Đại học Đồng Tháp |
|---|
| LEADER | 00681pam a22002178a 4500 | ||
|---|---|---|---|
| 001 | 00027513 | ||
| 005 | 20171026081022.0 | ||
| 008 | 111122s2004 ||||||viesd | ||
| 020 | |c 35000 | ||
| 041 | 0 | # | |a vie |
| 082 | 1 | 4 | |a 780 |b Â120NH |
| 100 | 1 | # | |a Trần, Quỳnh Mai |
| 245 | 1 | 0 | |a Âm nhạc với tuổi thơ |c Trần Quỳnh Mai |
| 260 | # | # | |a Hà Nội |b Thanh niên |c 2004 |
| 300 | # | # | |a 326tr. |b minh họa |c 21cm. |
| 650 | # | 4 | |a Âm nhạc |z Việt Nam |
| 653 | # | # | |a Tuổi thơ |
| 852 | # | # | |b Kho đọc |j KD.0012056 |
| 852 | # | # | |j KD.0012056 |
| 910 | 0 | # | |a Ntuyet |d 22/11/2011 |
| 980 | # | # | |a Trung tâm Học liệu Lê Vũ Hùng, Trường Đại học Đồng Tháp |